000
00299 a2200157 4500
001
177018
020
_a
040
_c
Magnum
100
_a
Carvalho, Andre
240
1
0
_a
Amor
_l
por
245
1
0
_a
Amor
362
0
_a
1899
440
1
_a
LĂȘ
697
_a
MAGNITO: EDUCACAO FAMILIAR
942
_c
BK
999
_c
177018
_d
177018